Statystyki dla 50 pytań o Szwajcarii

Kliknij tutaj aby rozwiązać quiz!

Ogólne statystyki

  • Ten quiz został rozwiązany 251 razy
  • Średni wynik to 19 z 50

Statystyki odpowiedzi

PytanieOdpowiedź% Poprawnych
Jaka jest de facto stolica
Szwajcarii?
Berno
96%
Jakie są państwa graniczące
z Szwajcarią?
Niemcy
95%
Jakie są państwa graniczące
z Szwajcarią?
Francja
93%
Jakie są języki urzędowe Szwajcarii?francuski
92%
Jakie są języki urzędowe Szwajcarii?niemiecki
92%
Jakie są państwa graniczące
z Szwajcarią?
Włochy
89%
Jakie są państwa graniczące
z Szwajcarią?
Austria
88%
Jakie są państwa graniczące
z Szwajcarią?
Liechtenstein
86%
Jakie są języki urzędowe Szwajcarii?włoski
85%
Jakie jest najbardziej zaludnione
miasto w Szwajcarii?
Zurych
77%
Jaka jest waluta Szwajcarii?Frank
69%
Jaki jest kod samochodowy Szwajcarii?CH
55%
Jakie jest największe pasmo górskie przebiegające przez
Szwajcarię?
Alpy
54%
Jak nazywają się jednostki podziału
administracyjnego pierwszego stopnia
w Szwajcarii?
Kanton
52%
Jakie jest drugie najbardziej zaludnione miasto
w Szwajcarii?
Genewa
49%
Jakie jest największe jezioro
w Szwajcarii?
(pod względem powierzchni)
Jezioro
{Genewskie}
49%
Jakie są języki urzędowe Szwajcarii?retoromański
42%
Jaka jest najdłuższa rzeka w Szwajcarii?Ren
39%
Jaka jest nazwa Szwajcarii
w najczęściej używanym językiem
w Szwajcarii?
Schweiz
38%
Jaka jest 2 najczęściej używana
religia w Szwajcarii?
Protestantyzm
36%
Jakie jest najbliższe geograficznie Szwajcarii państwo,
które nie graniczy z Szwajcarią?
Słowenia
35%
Jakie jest drugie największe jezioro?
(pod względem powierzchni)
Jezioro
{Bodeńskie}
33%
Jak nazywa się słynna góra
przedstawiona na miniaturce?
Matterhorn
31%
Jakie jest trzecie najbardziej zaludnione miasto
w Szwajcarii?
Bazylea
30%
Szwajcaria jest 2 najstarszą republiką w Europie.
Jaka była pierwsza?
San Marino
30%
Jak nazywa się najbardziej znany tenisista?Roger Federer
29%
Jaki jest rok, w którym Szwajcaria została neutralna?1815
27%
Od jakiego wielkiego wydarzenia
Szwajcaria jest neutralna?
Kongres
wiedeński
27%
Jaka jest pełna nazwa Szwajcarii?Konfederacja
Szwajcarska
26%
Jakie jest czwarte najbardziej zaludnione miasto
w Szwajcarii?
Lozanna
23%
Jak nazywa się kraj, od którego dostaje najwięcej eksportu?Chiny
21%
Jakie jest państwo, które nie graniczy z Szwajcarią
i odwiedza ten kraj najwięcej Szwajcarów?
Wielka Brytania
21%
Jaki jest ustrój polityczny Szwajcarii?Demokratyczny
20%
Jaki jest najwyższy punkt w Szwajcarii?Dufourspitze
19%
Jaki jest najważniejszy bank Szwajcarii?UBS
17%
Jak nazywa się hymn Szwajcarii?Psalm
szwajcarski
16%
Od jakiego państwa Szwajcaria
uzyskała niepodległość w 1648?
Święte
Cesarstwo Rzymskie
15%
Jaki jest najniższy punkt w Szwajcarii?Jezioro {Maggiore}
13%
Państwo nie graniczące z Szwajcarią, od którego
przybywa najwięcej imingrantów do Szwajcarii
Portugalia
11%
Jaki jest piąty najczęściej używany język w Szwajcarii?albański
8%
Jaka jest najmniejsza pod względem powierzchni
jednostka podziału administracyjnego 1 stopnia
w Szwajcarii?
Bazylea-Miasto
7%
Jaka jest największa pod względem powierzchni
jednostka podziału administracyjnego 1 stopnia
w Szwajcarii?
Gryzonia
7%
Jak nazywa się filozof, który wpłynął na rewolucję francuską?Jean-
Jacques
Rousseau
6%
Jaki był prezydent Szwajcarii w 2000 roku?Adolf Ogi
3%
Jak nazywa się pierwszy prezydent Szwajcarii?Jonas Furrer
3%
Jaka główna rzeka ma swój początek w Furkapass
i wpada do Morza Śródziemnego w
pobliżu Marsylii we Francji?
Rhône
3%
Jaki jest czwarty najczęściej używany język w Szwajcarii?serbsko-chorwaki
2%
Jak nazywa się obecna prezydent Szwajcarii?Simonetta
Sommaruga
2%
Jaka jest najwyższa góra w Obwalden?Titlis
2%
Jaki jest obecny wiceprezydent Szwajcarii?Guy Parmelin
1%

Rozkład punktacji

Percentyl według liczby udzielonych odpowiedzi

Procent ludzi z każdym wynikiem

Twoja historia wyników

Nie rozwiązałeś tego quizu